Salud y nutrición: las victorias y los desafíos futuros

Guardat en:
Dades bibliogràfiques
Autor corporatiu: Comite Coordinador Interagencial para las américas (Autor)
Format: Llibre
Idioma:espanyol
Publicat: Bogotá UNICEF 1990
Matèries:
Etiquetes: Afegir etiqueta
Sense etiquetes, Sigues el primer a etiquetar aquest registre!

MARC

LEADER 00000nam a2200000 a 4500
001 UCP1330
003 CL-VaPUC
008 990409e19900000CK |||||||||||||||||spa|d
082 0 4 |a 362.104  |b COM  |2 21 
110 2 |a Comite Coordinador Interagencial para las américas  |e author  |9 427316 
245 1 0 |a Salud y nutrición: las victorias y los desafíos futuros 
300 |a 40 p 
942 |c BK 
945 |d 19990409 00:00:00  |a rbrito 
260 |a Bogotá  |b UNICEF  |c 1990 
650 0 |a Salud  |9 258663 
650 0 |a Nutrición   |9 259434 
650 0 |a Derechos de los niños   |9 346953 
650 0 |a Mujeres  |9 257649 
583 |a last modification  |c 19990409 00:00:00  |k Rodrigo Vera 
999 |c 280019  |d 280017 
952 |0 0  |1 0  |4 0  |6 362_104000000000000_COM_1990  |7 0  |8 A  |9 319991  |a BIBEDU  |b BIBEDU  |d 2019-11-20  |i 3488128  |o 362.104 COM 1990  |p 3488128  |r 2019-11-20  |w 2019-11-20  |y BK  |k EDU